| 000 | 00583nam a2200169 a 4500 | ||
|---|---|---|---|
| 005 | 20210223121023.0 | ||
| 008 | 991125s1965 ug 000 0 spa u | ||
| 035 | _aUPN01000010911 | ||
| 049 | _aCG | ||
| 050 | 4 |
_aLB1119 _bI5.2 |
|
| 110 | 2 |
_aInstituto Interamericano del Niño _928943 |
|
| 245 | 1 | 0 |
_aCongresos panamericanos del niño : _bordenación sistemática de sus recomendaciones : 1916-1963 / _cInstituto Interamericano del Niño. |
| 260 |
_aMontevideo : _bOEA, _c1965. |
||
| 300 | _a277 p. | ||
| 650 | 4 |
_aNIÑOS - _xBENEFICENCIA, PROTECCION, ETC. - _vCONGRESOS |
|
| 905 | _aLibro | ||
| 999 |
_c10911 _d10911 |
||